000 00579 a2200205 4500
260 _aParis
100 _aRUSCH, Hans Peter
260 _bLe Courier du livre
245 _aLa fécondité du sol, pour une conception biologique de l'agriculture
300 _a311 p.
650 _a<Sols-Fertilité><Sols-Biologie>
260 _c1972
300 _b25 cm
130 _lFr.
035 _a2689
500 _aTitre original : Bondenfruchtbarkeit, cine studie biologischendenkens. - Bibliographie : pp. 313-315
999 _c11541
_d11541